Civil engineering reference book. (Record no. 550605)
[ view plain ]
| 000 -LEADER | |
|---|---|
| fixed length control field | 00501cam a22001571 4500 |
| 082 ## - DEWEY DECIMAL CLASSIFICATION NUMBER | |
| Classification number | 624 |
| Author Mark | WIN |
| -- | L-21,P-06 |
| 100 1# - MAIN ENTRY--PERSONAL NAME | |
| Personal name | Wine,Traut. |
| 9 (RLIN) | 47317 |
| 245 10 - TITLE STATEMENT | |
| Title | Civil engineering reference book. |
| Statement of responsibility, etc. | Wine,Traut. |
| 260 ## - PUBLICATION, DISTRIBUTION, ETC. | |
| Place of publication, distribution, etc. | London, |
| Name of publisher, distributor, etc. | Butterworths Scientific Publications |
| Date of publication, distribution, etc. | 1951 [i.e. 1952] |
| 300 ## - PHYSICAL DESCRIPTION | |
| Extent | xii, 1528 p. |
| Other physical details | illus. |
| Dimensions | 18 cm. |
| 526 ## - STUDY PROGRAM INFORMATION NOTE | |
| Program name | 0 |
| Interest level | 0 |
| Reading level | 0 |
| Title point value | 624_000000000000000_WIN |
| 650 #0 - SUBJECT ADDED ENTRY--TOPICAL TERM | |
| Topical term or geographic name entry element | Civil engineering |
| 650 #0 - SUBJECT ADDED ENTRY--TOPICAL TERM | |
| Topical term or geographic name entry element | Engineering |
| General subdivision | Tables. |
| 9 (RLIN) | 39482 |
| 700 1# - ADDED ENTRY--PERSONAL NAME | |
| Personal name | Comrie, J. |
| 9 (RLIN) | 47318 |
| 942 ## - ADDED ENTRY ELEMENTS (KOHA) | |
| Source of classification or shelving scheme | |
| Koha item type | Book |
| Withdrawn status | Lost status | Source of classification or shelving scheme | Damaged status | Not for loan | Permanent Location | Current Location | Date acquired | Total Checkouts | Full call number | Barcode | Date last seen | Price effective from | Koha item type |
|---|---|---|---|---|---|---|---|---|---|---|---|---|---|
| Military College of Engineering (MCE) | Military College of Engineering (MCE) | 11/17/2014 | 624 WIN | MCE-3167 | 11/17/2014 | 11/17/2014 | Book |
